| 000 | 00417nam a2200193Ia 4500 | ||
|---|---|---|---|
| 008 | 221030s9999 xx 000 0 und d | ||
| 020 | _a0070582041 | ||
| 041 | _aEnglish | ||
| 082 |
_a105.23 _bLev |
||
| 100 | _aM. Levy | ||
| 245 | 0 | _aRetailing Management | |
| 250 | _a5th | ||
| 260 |
_bTMH _aNew Delhi _c2004 |
||
| 300 | _a775 | ||
| 650 | _aManagement | ||
| 700 | _aA. Barton | ||
| 700 | _aWeitz | ||
| 942 | _cBK | ||
| 999 |
_c1764 _d1764 |
||